[Event "White Nights Open"]
[Site "St Petersburg RUS"]
[Date "2008.06.24"]
[Round "4"]
[White "Kluchik,J"]
[Black "Barhudarian,R"]
[Result "0-1"]
[WhiteElo "1961"]
[BlackElo "2293"]

1.e4 c5 2.Nc3 Nc6 3.Bb5 g6 4.d3 Bg7 5.f4 Rb8 6.Nf3 Nd4 7.O-O Nxb5 8.Nxb5 a6
9.Nc3 d6 10.Be3 Nf6 11.h3 O-O 12.Qe1 b5 13.Qh4 b4 14.Ne2 c4 15.Nfd4 Bb7 16.f5 cxd3
17.cxd3 Nd7 18.Bg5 Qb6 19.Qf2 e5 20.Nc2 Qxf2+ 21.Rxf2 Rfc8 22.Nxb4 a5 23.Nd5 Bxd5
24.exd5 h6 25.Be7 Rxb2 26.fxg6 fxg6 27.Rc1 Rxc1+ 28.Nxc1 Rb1 29.Rf1 e4 30.Bxd6 Bd4+
31.Kh2 exd3 32.Rd1 Be3 33.Rxd3 Bxc1 34.Rc3 Nf6 35.Rc8+ Kf7 36.Rf8+ Kg7 37.Rd8 Bg5
38.Be5 Kf7 39.Rd6 Rd1 40.Ra6 Rxd5 41.Bc3 Ne4  0-1

[Event "White Nights Open"]
[Site "St Petersburg RUS"]
[Date "2008.06.25"]
[Round "5"]
[White "Musaev,S"]
[Black "Chernenko,I"]
[Result "0-1"]
[WhiteElo "1856"]
[BlackElo "2055"]

1.e4 c5 2.Nf3 Nc6 3.Nc3 Nf6 4.d4 cxd4 5.Nxd4 e5 6.Nxc6 bxc6 7.Bd3 Bc5 8.O-O O-O
9.Na4 Be7 10.Re1 d5 11.exd5 cxd5 12.Bg5 h6 13.Bh4 Ng4 14.Bxe7 Qxe7 15.h3 Nxf2
16.Kxf2 Qh4+ 17.g3 Qxa4 18.Rxe5 Bxh3 19.Rxd5 Be6 20.b3 Qc6 21.Re5 Bh3 22.Qf3 Qb6+
23.Re3 Rae8 24.Re1 Re6 25.Ke2 Bg4  0-1

[Event "TCh-TUR"]
[Site "Kocaeli TUR"]
[Date "2008.06.26"]
[Round "5"]
[White "Cavusoglu,Y"]
[Black "Chilingirova,P"]
[Result "1/2-1/2"]
[WhiteElo "1964"]
[BlackElo "2213"]

1.e4 c5 2.Nc3 Nc6 3.Bb5 g6 4.Bxc6 bxc6 5.d3 Bg7 6.Nge2 d6 7.O-O Nf6 8.Bd2 O-O
9.Qc1 Re8 10.Bh6 Bh8 11.h3 e5 12.Ng3 Be6 13.f4 exf4 14.Bxf4 Qc7 15.Kh1 Nd7
16.Nge2 Ne5 17.Bg5 Rab8 18.Bf6 Bxf6 19.Rxf6 Kg7 20.Rf1 Qe7 21.b3 f6 22.Qf4 Rf8
23.Qg3 Kh8 24.Rf2 f5 25.Raf1 fxe4 26.dxe4 Rxf2 27.Qxf2 Kg7 28.Nf4 Bg8 29.Qe2 c4
30.Qd1 Bf7 31.Nfe2 cxb3 32.cxb3 Rd8 33.Qd4 Be6 34.Nf4 Bc8 35.Rd1 Ba6 36.Qd2 Kg8
37.Nfe2 Qh4 38.Qf4 Qe7 39.Qd2 Nd3 40.Rf1 Rf8 41.Rxf8+ Qxf8 42.Qe3 Qf1+ 43.Kh2 Ne5
44.Ng3 Qf7 45.Qd2 Qe7 46.Qe3 h5 47.Nge2 h4 48.Qh6 Qf6 49.Qf4 Kg7 50.Qxf6+ Kxf6
51.Kg1 Nd3 52.Nd4 Bb7 53.Kf1 g5 54.Ke2 Nf4+ 55.Kf2 Ne6 56.Nf3 Ba6 57.g3 hxg3+
58.Kxg3 d5 59.exd5 cxd5 60.Nxd5+ Kf5 61.Nc3 Bb7 62.Ne1 Ke5 63.Nc2 Nf4 64.Ne1  1/2-1/2

[Event "White Nights Open"]
[Site "St Petersburg RUS"]
[Date "2008.06.26"]
[Round "6"]
[White "Urjubdshzirov,E"]
[Black "Abramov,Valen"]
[Result "0-1"]
[WhiteElo "2243"]
[BlackElo "2321"]

1.e4 c5 2.Nc3 Nc6 3.Nge2 d6 4.d4 cxd4 5.Nxd4 Nf6 6.g3 g6 7.Nde2 Bg7 8.Bg2 O-O
9.h3 Rb8 10.a4 a6 11.O-O b5 12.axb5 axb5 13.Nd5 Bb7 14.Kh2 Nd7 15.f4 Nc5
16.g4 e6 17.Ne3 Ne7 18.Ng3 Qb6 19.c3 Ra8 20.Rb1 Ra4 21.b4 Na6 22.Nc4 Qc7
23.Nxd6 Rd8 24.e5 Bxg2 25.Kxg2 Qxc3 26.Nge4 Ra2+ 27.Rf2 Rxf2+ 28.Kxf2 Qxh3
29.Qf3 Qh2+ 30.Qg2 Qxg2+ 31.Kxg2 Nd5 32.Bd2 f6 33.exf6 Nxf6 34.Nxf6+ Bxf6
35.Ne4 Be7 36.Bc3 Nc7 37.Be5 Nd5 38.Nc5 Ne3+ 39.Kg3 Nc4 40.Nxe6 Rd3+ 41.Kg2 Nxe5
42.fxe5 Re3 43.Nd4 Rxe5 44.Nc6 Re6 45.Nd4 Re4 46.Nxb5 Rxg4+ 47.Kf3 Rxb4 48.Rxb4 Bxb4
49.Nd4 Kf7 50.Kg4 Kf6 51.Nf3 Be7 52.Kf4 Bd6+ 53.Kg4 Bc5 54.Kf4 Bb6 55.Kg4 Bf2
56.Kf4 Bb6 57.Kg4 Bc7 58.Nd4 h5+ 59.Kf3 g5 60.Kg2 g4 61.Nf3 Bb8 62.Kf2 Kf5
63.Kg2 Kf4 64.Ng1 Bc7 65.Nh3+ Kf5 66.Kh1 Bb6 67.Kg2 h4 68.Kh2 Be3 69.Kh1 Ke4
70.Kg2 Kd3 71.Kh1 Kd2 72.Kh2 Kd1 73.Kh1 Ke1 74.Kh2 Kf1 75.Kh1 g3 76.Nf4 h3
77.Nxh3 g2+ 78.Kh2 Bf2  0-1

[Event "Svein Johannessen Mem"]
[Site "Oslo NOR"]
[Date "2008.06.27"]
[Round "1"]
[White "Loberg,J"]
[Black "Matthiesen,A"]
[Result "0-1"]
[WhiteElo "1908"]
[BlackElo "2314"]

1.e4 c5 2.Nf3 Nc6 3.Nc3 g6 4.d4 cxd4 5.Nxd4 Bg7 6.Be3 Nf6 7.Bc4 Qa5 8.f3 O-O
9.Bb3 d6 10.Qd2 Bd7 11.O-O-O Rac8 12.h4 Ne5 13.g4 Nc4 14.Qe2 Nxb2 15.Kxb2 Qxc3+
16.Kb1 a5 17.a4 b5 18.Nxb5 Bxb5 19.axb5 Nxg4  0-1

[Event "XII Izmailov Mem"]
[Site "Tomsk RUS"]
[Date "2008.06.29"]
[Round "5"]
[White "Kotsur,P"]
[Black "Tuzhik,A"]
[Result "1-0"]
[WhiteElo "2568"]
[BlackElo "2328"]

1.e4 c5 2.Nc3 Nc6 3.Nf3 g6 4.d4 cxd4 5.Nxd4 Bg7 6.Nb3 Nf6 7.Be2 O-O 8.O-O d6
9.Kh1 Be6 10.Bg5 Qc8 11.f4 Rd8 12.Bf3 Bc4 13.Rf2 h6 14.Bh4 e6 15.Nd2 Ba6
16.Nb3 Qc7 17.Rd2 Na5 18.Nxa5 Qxa5 19.Qe1 g5 20.Bg3 Qb4 21.Rb1 Rac8 22.a3 Qb6
23.h3 Nd7 24.fxg5 Ne5 25.Bf4 hxg5 26.Bxg5 Nc4 27.Qg3 Kf8 28.Rdd1 Rd7 29.Bg4 Ne5
30.Bh5 Qc5 31.Be3 Qa5 32.Bd4 Qd8 33.Rd2 Qf6 34.Be3 Nc4 35.Rf2 Qe5 36.Qg6 Rcc7
37.Rbf1 Qxh5 38.Qxh5 Nxe3 39.Re1 Nc4 40.Ne2 Rc5 41.Qg4 Ne5 42.Qg3 Rxc2 43.Nf4 Rxf2
44.Qxf2 Nd3 45.Nxd3 Bxd3 46.Rc1  1-0

[Event "XII Izmailov Mem"]
[Site "Tomsk RUS"]
[Date "2008.06.30"]
[Round "6"]
[White "Avdeenko,T"]
[Black "Zaretsky,L"]
[Result "1-0"]
[WhiteElo "2204"]
[BlackElo "2044"]

1.e4 c5 2.Nc3 Nc6 3.Bb5 d6 4.f4 e6 5.Bxc6+ bxc6 6.Nf3 Nf6 7.d3 Be7 8.O-O O-O
9.h3 Ne8 10.e5 d5 11.b3 f5 12.exf6 Bxf6 13.Ne5 Qd6 14.Re1 Bh4 15.Rf1 Bf6
16.Qe2 Nc7 17.Ba3 Nb5 18.Nxb5 cxb5 19.Bb2 a5 20.a4 b4 21.Qg4 d4 22.Rae1 Ra6
23.Re2 Bb7 24.Bc1 Bd5 25.h4 Qe7 26.h5 Bxe5 27.Rxe5 Qf6 28.Rfe1 Ra7 29.Qg3 Rd7
30.Rg5 Rdf7 31.Ree5 Qh6 32.Qe1 Qf6 33.f5 Kh8 34.fxe6 Qf1+ 35.Kh2 Re7 36.Qxf1 Rxf1
37.Rxd5 h6 38.Rgf5 Rxc1 39.Rf8+ Kh7 40.Rdd8 g5 41.Rf7+ Rxf7 42.exf7  1-0

[Event "ch-PHI Finals"]
[Site "Mandaluyong PHI"]
[Date "2008.07.01"]
[Round "1"]
[White "Paragua,M"]
[Black "Pascua,H"]
[Result "0-1"]
[WhiteElo "2523"]
[BlackElo "2174"]

1.e4 c5 2.Nf3 Nc6 3.Nc3 d6 4.d4 cxd4 5.Nxd4 e5 6.Nb3 Be6 7.Be3 Nf6 8.Qd2 d5
9.exd5 Nxd5 10.Nxd5 Qxd5 11.Qxd5 Bxd5 12.O-O-O O-O-O 13.f3 b6 14.Bb5 Kc7
15.c4 Be6 16.Rxd8 Nxd8 17.f4 Nc6 18.Rf1 f6 19.Nd2 Nb4 20.fxe5 Nd3+ 21.Kc2 Nxe5
22.Kc3 Kb7 23.Bf4 Bd6 24.Ne4 Bb8 25.c5 Rc8 26.b4 Bd5 27.Kd4 Rd8 28.Nd6+ Bxd6
29.Kxd5 Bxc5+ 30.Ke6 Rd6+ 31.Ke7 Bxb4 32.Bxe5 Rd5+ 33.Kf7 Rxb5 34.Bg3 Ra5
35.Kxg7 Rxa2 36.Kxh7 Rxg2 37.Rxf6 a5 38.Rg6 Bc3 39.Rg4 Be5 40.Kg6 Bxg3 41.hxg3 b5
42.Kf5 a4  0-1

[Event "World Open"]
[Site "Philadelphia USA"]
[Date "2008.07.02"]
[Round "1"]
[White "Friedel,J"]
[Black "Uesugi,S"]
[Result "1/2-1/2"]
[WhiteElo "2524"]
[BlackElo "2227"]

1.e4 c5 2.Nf3 Nc6 3.Nc3 g6 4.d4 cxd4 5.Nxd4 Bg7 6.Be3 d6 7.Qd2 Nf6 8.f3 O-O
9.O-O-O Bd7 10.h4 h5 11.Be2 Nxd4 12.Bxd4 Qa5 13.Kb1 Rfd8 14.Bc4 Be6 15.Bxe6 fxe6
16.Rh3 Rac8 17.Rg3 Kf7 18.Qd3 e5 19.Be3 Rc6 20.Nd5 e6 21.Nxf6 Bxf6 22.Bg5 Qc5
23.Bxf6 Kxf6 24.Rg5 Qc4 25.Qd2 Rdc8 26.c3 Ra6 27.a3 Qb3 28.Qc2 Rxc3  1/2-1/2

[Event "XVII Burgas Open"]
[Site "Ourense ESP"]
[Date "2008.07.03"]
[Round "1"]
[White "Cabezas Ayala,I"]
[Black "Cauchy Fernandez,A"]
[Result "1-0"]
[WhiteElo "2336"]
[BlackElo "1790"]

1.e4 c5 2.Nf3 Nc6 3.Nc3 Nf6 4.d4 cxd4 5.Nxd4 e5 6.Ndb5 d6 7.Nd5 Nxd5 8.exd5 Nb8
9.c4 Be7 10.Be2 O-O 11.O-O Bf5 12.Be3 a6 13.Nc3 Nd7 14.Qd2 Rc8 15.Rac1 Bg6
16.f3 h6 17.Kh1 Nc5 18.b4 Nd7 19.Na4 Bg5 20.Bxg5 hxg5 21.c5 dxc5 22.bxc5 b5
23.cxb6 Rxc1 24.Rxc1 Nxb6 25.Nxb6 Qxb6 26.Qxg5 e4 27.fxe4 Bxe4 28.Rd1 Qf2
29.Bc4 Re8 30.Qg3 Qc5 31.Bb3 Rd8 32.d6 Bc2 33.Rc1 Rxd6 34.Qe1  1-0

[Event "XVII Burgas Open"]
[Site "Ourense ESP"]
[Date "2008.07.03"]
[Round "1"]
[White "Paredes Sanchez,J"]
[Black "Losada Gallego,J"]
[Result "1-0"]
[WhiteElo "2231"]
[BlackElo "1716"]

1.e4 c5 2.Nf3 Nc6 3.Nc3 d6 4.d4 cxd4 5.Nxd4 a6 6.Be3 Nf6 7.f3 Qc7 8.Qd2 e6
9.O-O-O Bd7 10.g4 e5 11.Nf5 Bxf5 12.exf5 h6 13.h4 O-O-O 14.Qf2 Nd7 15.Bc4 f6
16.Nd5 Qa5 17.Nb6+ Kb8 18.Nxd7+ Rxd7 19.Bb6 Qa4 20.Bb3 Qf4+ 21.Be3 Qb4 22.a3 Qb5
23.Rd5 Qxd5 24.Bxd5 Be7 25.Bb6 Nd8 26.Be6 Nxe6 27.fxe6 Rdd8 28.Bxd8 Rxd8
29.Rd1 d5 30.Kb1 Kc7 31.c4 d4 32.f4 Kd6 33.fxe5+ fxe5 34.Qf3 Kxe6 35.Qxb7 Bf6
36.Qxa6+ Kf7 37.Qb7+ Kg8 38.c5 Re8 39.Qe4 Bxh4  1-0

[Event "World Open"]
[Site "Philadelphia USA"]
[Date "2008.07.03"]
[Round "3"]
[White "Khachiyan,M"]
[Black "Coleman,T"]
[Result "1-0"]
[WhiteElo "2504"]
[BlackElo "2270"]

1.e4 c5 2.Nc3 Nc6 3.Bb5 Nd4 4.Nf3 a6 5.Bd3 g6 6.O-O Bg7 7.b3 e6 8.Nxd4 cxd4
9.Ne2 Ne7 10.Bb2 Nc6 11.f4 O-O 12.Qe1 d6 13.Qf2 e5 14.c3 dxc3 15.Bxc3 d5
16.f5 d4 17.Bb2 Bf6 18.Ba3 Be7 19.Bxe7 Qxe7 20.f6 Qd6 21.Qh4 Re8 22.Bc4 Qf8
23.Rf3 Nb4 24.Ng3 b5 25.Be2 Kh8 26.Rc1 Be6 27.a3 d3 28.Bd1 Nc2 29.Rxd3 Nd4
30.b4 a5 31.Ne2 Bc4 32.Rh3 Qg8 33.Nxd4 exd4 34.d3 Be6 35.Bg4 axb4 36.Bxe6 Rxe6
37.axb4 Re5 38.Qf4 Qe8 39.Rf3 Rd8 40.Rc7 Ra8 41.Rxf7 g5 42.Rf8+  1-0

[Event "World Open"]
[Site "Philadelphia USA"]
[Date "2008.07.04"]
[Round "4"]
[White "Shankland,S"]
[Black "Khachiyan,M"]
[Result "0-1"]
[WhiteElo "2368"]
[BlackElo "2504"]

1.e4 c5 2.Nf3 Nc6 3.Nc3 g6 4.d4 cxd4 5.Nxd4 Bg7 6.Be3 Nf6 7.Bc4 O-O 8.Bb3 d6
9.f3 Qa5 10.Qd2 Nxd4 11.Bxd4 Be6 12.O-O Nd7 13.Rfd1 Bxd4+ 14.Qxd4 Qc5 15.Nd5 Bxd5
16.exd5 Rfc8 17.c3 b5 18.a4 Nb6 19.axb5 Qxb5 20.Ra3 a5 21.Qd3 Rc5 22.Qxb5 Rxb5
23.Rd2 Rb8 24.Ba2 a4 25.b4 axb3 26.Rxb3 Rxb3 27.Bxb3 Nd7 28.Ba2 Rc8 29.Rd3 Ra8
30.Rd2 Ra3 31.c4 Rc3 32.h3 Ne5 33.Re2 Kf8 34.Re4 f5 35.Re2 Nxc4 36.Bxc4 Rxc4
37.Rd2 f4 38.Kf2 Kf7 39.Ke2 Rc3 40.Rd4 g5 41.h4 h6 42.hxg5 hxg5 43.Kf2 Kf6
44.Kg1 Kf5 45.Kh2 Re3 46.Rd2 g4 47.fxg4+ Kxg4 48.Rd4 Kf5 49.Kg1 Ke5 50.Rd2 Re4
51.Kf2 Rd4 52.Re2+ Kf6 53.Kf3 Rxd5 54.Kxf4 Rf5+ 55.Kg4 e5 56.Rd2 Rf4+ 57.Kh5 Ke6
58.g4 Rf1 59.g5 Rh1+ 60.Kg4 Rg1+ 61.Kh5 e4 62.g6 d5  0-1

[Event "XIX ch-Panam U18"]
[Site "Villa Carlos Paz ARG"]
[Date "2008.07.04"]
[Round "7"]
[White "Almiron,A"]
[Black "Calcina,G"]
[Result "0-1"]
[WhiteElo "2115"]
[BlackElo "2182"]

1.e4 c5 2.Nc3 Nc6 3.Nf3 g6 4.d4 cxd4 5.Nxd4 Bg7 6.Be3 Nf6 7.Bc4 O-O 8.f3 Qb6
9.Qd2 Nxe4 10.fxe4 Bxd4 11.Bxd4 Qxd4 12.Qxd4 Nxd4 13.O-O-O Nc6 14.Nd5 d6
15.Bb5 Bg4 16.Rd2 Rae8 17.Rf1 a6 18.Rf4 Be6 19.Bxc6 bxc6 20.Nc7 Rc8 21.Nxa6 c5
22.e5 Rc6 23.Ra4 Bc8 24.exd6 exd6  0-1

[Event "XVII Burgas Open"]
[Site "Ourense ESP"]
[Date "2008.07.05"]
[Round "3"]
[White "Paredes Sanchez,J"]
[Black "Figueiredo,B"]
[Result "1-0"]
[WhiteElo "2231"]
[BlackElo "1933"]

1.e4 c5 2.Nf3 Nc6 3.Nc3 g6 4.d4 cxd4 5.Nxd4 Bg7 6.Be3 Nf6 7.Bc4 Qa5 8.O-O O-O
9.Nb3 Qc7 10.Be2 d6 11.f4 Be6 12.Bf3 Na5 13.Nxa5 Qxa5 14.Re1 Nd7 15.Bd4 Qb4
16.Bxg7 Kxg7 17.f5 Bc4 18.Qd4+ Ne5 19.b3 Rfc8 20.Nd5 Qc5 21.Qxc5 Rxc5 22.bxc4 Rxc4
23.Nxe7 Rxc2 24.Rec1 Rxc1+ 25.Rxc1 Kf6 26.Nd5+ Kg5 27.f6 h5 28.Rc7 Rb8 29.Kf2 h4
30.g3 hxg3+ 31.Kxg3 a5 32.h4+ Kh6 33.Nb6 g5 34.hxg5+ Kxg5 35.Nd7 Nxd7 36.Rxd7 Kxf6
37.Rxd6+ Ke7 38.Rb6 Kd7 39.e5 Kc7 40.Rf6 Rg8+ 41.Kf4 Rg7 42.Bd5 Rg1 43.Rxf7+ Kb6
44.Rxb7+ Kc5 45.Bb3 Rg2 46.Rc7+ Kb4 47.Rc4+ Kb5 48.a4+ Kb6 49.Re4 Rb2 50.Re3 Kc5
51.e6 Kb4 52.e7 Rxb3 53.Rxb3+ Kxb3 54.e8=Q Kb4 55.Qb5+ Ka3 56.Ke3 Ka2 57.Kd2 Ka3
58.Kc2 Ka2 59.Qb2+  1-0

[Event "XVII Burgas Open"]
[Site "Ourense ESP"]
[Date "2008.07.05"]
[Round "3"]
[White "Cabezas Ayala,I"]
[Black "Krivoshey,S"]
[Result "1/2-1/2"]
[WhiteElo "2336"]
[BlackElo "2504"]

1.e4 c5 2.Nf3 Nc6 3.Nc3 d6 4.d4 cxd4 5.Nxd4 Nf6 6.Be2 e5 7.Nf3 h6 8.O-O Be7
9.Re1 O-O 10.h3 a6 11.a4 Qc7 12.Nd5 Nxd5 13.exd5 Nb8 14.a5 b5 15.axb6 Qxb6
16.Nd2 Bf5 17.Nc4 Qc7 18.b3 Nd7 19.Bg4 Bxg4 20.hxg4 a5 21.Ne3 Rfc8 22.Bd2 Bg5
23.Ra2 Nf6 24.c4 Ne4 25.Qc2 Nxd2 26.Qxd2 a4 27.Rea1 Rab8 28.Rxa4 Rxb3 29.Qc2 Rxe3
30.fxe3 Bxe3+ 31.Kh2 Qd8 32.g3 g6 33.Qe2 Bd4 34.Rb1 Kg7 35.Rb7 Rb8 36.Rab4 Rxb7
37.Rxb7 Qc8 38.Rb1 Qa6 39.Rf1 Qb7 40.Qf3 Qe7 41.Qe4 Bc5 42.Kh1 Qd7 43.Kg2 Qe7
44.Kh1 Qg5 45.Qf3 Qe7 46.Qe4  1/2-1/2

[Event "ChInt Open"]
[Site "Paris FRA"]
[Date "2008.07.06"]
[Round "9"]
[White "Moradiabadi,E"]
[Black "Grover,S"]
[Result "1-0"]
[WhiteElo "2499"]
[BlackElo "2300"]

1.e4 c5 2.Nc3 Nc6 3.Nf3 e5 4.Bc4 d6 5.d3 Be7 6.O-O Nf6 7.h3 O-O 8.a3 h6 9.Rb1 Be6
10.Re1 a6 11.b4 cxb4 12.axb4 Rc8 13.Nd5 a5 14.bxa5 Nxa5 15.Nxf6+ Bxf6 16.Bxe6 fxe6
17.Bd2 Rf7 18.Rb5 Nc6 19.Qb1 Nd4 20.Nxd4 exd4 21.Qa2 Qe8 22.Reb1 Rfc7 23.R5b2 Kh7
24.g3 Rc5 25.Bb4 R5c6 26.Kg2 Qg8 27.Ba3 e5 28.Qxg8+ Kxg8 29.Rxb7 Rxc2 30.Bxd6 Rd2
31.Rb8 Rxb8 32.Rxb8+ Kf7 33.Rb3 Ke6 34.Bb4 Rc2 35.Kf1 Bg5 36.h4 Bd2 37.Bf8 g6
38.Rb6+ Kf7 39.Bd6 Ba5 40.Ra6 Bc3 41.Bxe5 Rd2  1-0

[Event "World Open"]
[Site "Philadelphia USA"]
[Date "2008.07.06"]
[Round "9"]
[White "Khachiyan,M"]
[Black "Sarkar,J"]
[Result "1/2-1/2"]
[WhiteElo "2504"]
[BlackElo "2416"]

1.e4 c5 2.Nc3 Nc6 3.Bb5 Nd4 4.Nf3 e6 5.O-O a6 6.Bd3 Nc6 7.e5 d6 8.exd6 Bxd6
9.Ne4 Be7 10.b3 Nf6 11.Bb2 O-O 12.Re1 b6 13.Nfg5 Nxe4 14.Nxh7 Nf6 15.Nxf8 Bxf8
16.Qf3 Qd5 17.Qg3 Bd6 18.Qh4 Be5 19.Rxe5 Nxe5 20.Qg3 Ned7 21.Re1 Bb7 22.Be4 Qxd2
23.Bc3 Qxe1+ 24.Bxe1 Bxe4 25.c4 e5 26.Bc3 Re8 27.f3 Bc6 28.Qg5 a5 29.h4 Nh7
30.Qg3 Re6 31.h5 g5 32.Bd2 f6 33.Qg4 Rd6 34.Be3 Bb7 35.Kf2 Ndf8 36.Qf5 Rd8
37.a3 Rd6 38.Qb1 Ba6 39.Qe4 Bc8 40.Qa8 Be6 41.Qb8 Rc6 42.g3 Bd7 43.f4 exf4
44.gxf4 g4 45.Qb7 f5 46.Bc1 Nf6 47.Bb2 Nxh5 48.Qb8 Kf7 49.Be5 Ne6 50.Qh8 Nexf4
51.Qh7+ Ke6 52.Bxf4 Nxf4 53.Qh6+ Ke5 54.Qh8+ Rf6 55.Qh2 Re6 56.Qh8+ Ke4 57.Qh1+ Kd4
58.Qa1+ Ke4 59.Qh1+ Ke5 60.Qh8+ Ke4  1/2-1/2

[Event "XVII Burgas Open"]
[Site "Ourense ESP"]
[Date "2008.07.07"]
[Round "5"]
[White "Perez Candelario,Man"]
[Black "Fernandez de Pablo,M"]
[Result "1-0"]
[WhiteElo "2537"]
[BlackElo "2232"]

1.e4 c5 2.Nf3 Nc6 3.Nc3 Nf6 4.Bb5 Nd4 5.e5 Nxb5 6.Nxb5 Nd5 7.Ng5 f5 8.c4 Nb4
9.d4 a6 10.Na3 cxd4 11.O-O e6 12.Qxd4 Be7 13.Nf3 Nc6 14.Qc3 b5 15.cxb5 axb5
16.Nxb5 Ba6 17.Nd6+ Bxd6 18.exd6 O-O 19.Re1 Qb8 20.Bf4 Qb4 21.Be5 Qg4 22.Re3 Rfc8
23.h3 Qg6 24.Qd2 Bc4 25.b3 Bd5 26.Bf4 Ra5 27.Ne1 e5 28.Bxe5 Bxg2 29.Rg3 Qe6
30.Bxg7 f4 31.Qxf4 Rf5 32.Qg4 Bxh3 33.Qxh3  1-0

[Event "XVII Burgas Open"]
[Site "Ourense ESP"]
[Date "2008.07.07"]
[Round "5"]
[White "Paredes Sanchez,J"]
[Black "Perez Dorado,J"]
[Result "1-0"]
[WhiteElo "2231"]
[BlackElo "1985"]

1.e4 c5 2.Nf3 Nc6 3.Nc3 Nf6 4.Bb5 d6 5.e5 Ng4 6.Bxc6+ bxc6 7.Qe2 d5 8.d3 g6
9.O-O Bg7 10.Na4 Qa5 11.b3 c4 12.h3 Nh6 13.dxc4 dxc4 14.Qxc4 Qd5 15.Qc5 O-O
16.c4 Qxc5 17.Nxc5 Rd8 18.Ba3 Bf5 19.Rfe1 Bd7 20.Rad1 Be8 21.Ne4 f5 22.Neg5 Bf8
23.Ne6 Rxd1 24.Rxd1 Rc8 25.Bc5 a6 26.Rd8 Rxd8 27.Nxd8 Nf7 28.Nxf7 Bxf7 29.Kf1 h6
30.h4 Be8 31.e6 Kg7 32.Bd4+ Kh7 33.Ke2 Bg7 34.Kd3 Kg8 35.Be5 Kf8 36.Kd4 Bf6
37.Kc5 Kg7 38.Kb6 g5 39.hxg5 hxg5 40.Bc7 g4 41.Ne5 Bg5 42.Kxa6 Kf6 43.Kb6 Kxe6
44.a4 g3 45.fxg3 Be3+ 46.Kb7 Bd4 47.Nxc6 Bf2 48.a5 Kd7 49.Ne5+ Ke6 50.Nd3 Bd4
51.a6 Kd7 52.Be5 Bxe5 53.Nxe5+ Kd6 54.a7  1-0

[Event "XVII Burgas Open"]
[Site "Ourense ESP"]
[Date "2008.07.07"]
[Round "5"]
[White "Otero Nogueira,B"]
[Black "De Nacimiento Montano,Ang"]
[Result "0-1"]
[WhiteElo "1917"]
[BlackElo "2099"]

1.e4 c5 2.Nc3 Nc6 3.Bb5 d6 4.Bxc6+ bxc6 5.f4 g6 6.Nf3 Bg7 7.d3 Nf6 8.O-O O-O
9.Qe1 Nd7 10.g4 e6 11.Qg3 f5 12.Kh1 Nf6 13.gxf5 exf5 14.e5 Nh5 15.Qf2 Be6
16.Be3 Rb8 17.Rab1 dxe5 18.fxe5 c4 19.Bxa7 Rb7 20.Bc5 Re8 21.Bd6 cxd3 22.cxd3 Nf4
23.d4 Bc4 24.Rfd1 Bd3 25.Rxd3 Nxd3 26.Qe2 Qxd6 27.Qxd3 Qe6 28.Ng5 Qe7 29.Qc4+ Kh8
30.Qxc6 Reb8 31.Qg2 Qb4 32.Qh3 h5 33.Ne6 Qc4 34.Nxg7 Kxg7 35.Rg1 Qxd4 36.Qg3 Qb6
37.h4 Qc6+ 38.Kh2 Rxb2+ 39.Kh3 f4 40.Qxf4 Qxc3+  0-1

[Event "XXXI Open"]
[Site "Barbera del Valles ESP"]
[Date "2008.07.08"]
[Round "4"]
[White "Ravot,S"]
[Black "Chalmeta Ugas,R"]
[Result "1-0"]
[WhiteElo "2236"]
[BlackElo "2175"]

1.e4 c5 2.Nc3 Nc6 3.Nge2 g6 4.d4 cxd4 5.Nxd4 Nf6 6.Be3 Bg7 7.Nxc6 dxc6 8.Qxd8+ Kxd8
9.O-O-O+ Nd7 10.Bc4 e6 11.Bc5 Be5 12.Bd6 Bxd6 13.Rxd6 Ke7 14.Rd2 Nb6 15.Be2 e5
16.h4 h6 17.Nd1 Be6 18.b3 Rad8 19.Rxd8 Rxd8 20.Ne3 f6 21.h5 g5 22.Bg4 Bxg4
23.Nxg4 Rh8 24.Rd1 Nc8 25.c4 c5 26.f3 Ke6 27.b4 cxb4 28.c5 Rh7 29.Kb2 b6
30.Rd8 Rc7 31.Rf8 Rxc5 32.Rxf6+ Ke7 33.Rxh6 a5 34.Ne3 b5 35.Nd5+ Kd7 36.Rg6 Nd6
37.Nb6+ Kc7 38.h6 Kxb6 39.h7 Rc8 40.Rg8 Rc3 41.Rg6 Rc8 42.Rxd6+ Kc5 43.Rd5+ Kc4
44.Rxe5 Rh8 45.Re7 a4 46.Rd7 a3+ 47.Kc2 b3+ 48.axb3+ Kb4 49.Rb7 Ra8 50.Kb1 Rd8
51.e5 Rd1+ 52.Kc2 Rh1 53.e6 a2 54.Ra7 Rxh7 55.Rxa2 Rc7+ 56.Kd3 Kxb3 57.Re2 Re7
58.g3 Ka3 59.f4 gxf4 60.gxf4 b4 61.f5 b3 62.f6 b2 63.Rxb2 Rxe6 64.Rf2 Re8
65.Kc4 Rc8+ 66.Kb5 Kb3 67.Rf3+ Kc2 68.f7 Rf8 69.Kc6 Kd2 70.Kd6 Ke2 71.Rf6  1-0

[Event "Maestro Open"]
[Site "Berdsk RUS"]
[Date "2008.07.08"]
[Round "1"]
[White "Veretennikova,D"]
[Black "Tsyganenko,L"]
[Result "1-0"]
[WhiteElo "2002"]
[BlackElo "1934"]

1.e4 c5 2.Nc3 Nc6 3.Bb5 Nd4 4.Bc4 a6 5.a4 d6 6.Nf3 Bg4 7.Be2 Nxe2 8.Qxe2 e6
9.d3 h6 10.h3 Bh5 11.Be3 Qc7 12.d4 b6 13.g4 Bg6 14.Nh4 Bh7 15.f4 Be7 16.Nf3 Nf6
17.f5 e5 18.d5 Nd7 19.h4 f6 20.g5 Bg8 21.gxh6 gxh6 22.h5 Bf7 23.Nh2 Bf8 24.Ng4 Ke7
25.Qd2 Rh7 26.Bxh6 Bxh6 27.Nxh6 Rah8 28.Nxf7 Rxf7 29.O-O-O Nf8 30.Ne2 b5
31.axb5 axb5 32.Rdg1 Nh7 33.Qh6 Ra8 34.Rg7 Ng5 35.Kd1 Ra1+ 36.Nc1 Qa5 37.Rxf7+ Kxf7
38.Qg6+ Ke7 39.Qg7+ Nf7 40.Qg2 Qb4 41.c3 Qa4+ 42.Qc2 Ng5 43.Re1 c4 44.h6 Kf7
45.Qxa4 Rxa4 46.Kc2 Kg8 47.Kb1 Kh7 48.Na2 Kxh6 49.Rh1+ Kg7 50.Rh4 Ra8 51.Nb4 Rh8
52.Rg4 Rh2 53.Na6 Re2 54.Nc7 Rxe4 55.Ne8+ Kf8 56.Nxf6 Rxg4 57.Nxg4 Kf7 58.Kc2 Ne4
59.b3 Nf6 60.Ne3 Ke7 61.bxc4 bxc4 62.Kb2 Ne4 63.Nxc4 Kf6 64.Ne3 Kg5 65.Kc2 Kf4
66.Kd3 Nc5+ 67.Ke2 Ke4 68.f6 Nd7 69.f7 Nf8 70.Kd2 Ng6 71.c4 Nf8 72.Ke2 Kd4
73.Kf3 Nd7 74.Ng4 Kxc4 75.Nf6 Nf8 76.Ke4 Kc5 77.Ne8 Nd7 78.Nc7 Kc4 79.Kf5 Kd3
80.Ne6 e4 81.Nf4+ Kd4 82.Ke6 Nf8+ 83.Kxd6 e3 84.Ke7 Nh7 85.d6 Ke4 86.Ne2 Kf3
87.Nc3  1-0

[Event "7th Open"]
[Site "La Fere FRA"]
[Date "2008.07.08"]
[Round "5"]
[White "Ilan,L"]
[Black "Konguvel,P"]
[Result "0-1"]
[WhiteElo "2013"]
[BlackElo "2415"]

1.e4 c5 2.Ne2 Nc6 3.Nbc3 g6 4.g3 Bg7 5.Bg2 e6 6.d3 d6 7.O-O Nge7 8.Be3 Nd4
9.Qd2 O-O 10.Nd1 Nxe2+ 11.Qxe2 b6 12.Qd2 Bb7 13.Bh6 e5 14.Bxg7 Kxg7 15.Ne3 Qd7
16.f4 f6 17.Qe2 Rae8 18.f5 d5 19.Nxd5 Nxd5 20.exd5 Bxd5 21.Be4 Bxe4 22.Qxe4 Qd4+
23.Qxd4 cxd4 24.Rae1 Rc8 25.Re2 Rc5 26.g4 Rfc8 27.Rff2 Rb5 28.b3 Rbc5 29.a4 Kf7
30.Kg2 gxf5 31.gxf5 Rg8+ 32.Kf3 Rg5 33.Ke4 Rh5 34.Rg2 a5 35.Rgf2 Rc8 36.Rg2 Rc5
37.Rgf2 Rh3 38.Rf1 Ke7 39.Rff2 Kd6 40.Rg2 Rxc2 41.Rgf2 Re3+  0-1

[Event "XVII Burgas Open"]
[Site "Ourense ESP"]
[Date "2008.07.08"]
[Round "6"]
[White "Gonzalez Campo,G"]
[Black "Pena Lodeiro,J"]
[Result "0-1"]
[WhiteElo "1859"]
[BlackElo "1809"]

1.e4 c5 2.Nc3 Nc6 3.Nge2 Nf6 4.d4 cxd4 5.Nxd4 e6 6.Nb3 a6 7.a4 Bb4 8.Bg5 h6
9.Bxf6 Qxf6 10.Qd3 b6 11.Nd2 Ne5 12.Qg3 Bb7 13.Rd1 Rc8 14.f4 Ng6 15.f5 Ne5
16.fxe6 dxe6 17.Na2 Be7 18.Nf3 Nxf3+ 19.gxf3 Qxb2 20.Nc1 Bb4+ 21.Kf2 Rxc2+  0-1

[Event "XVII Burgas Open"]
[Site "Ourense ESP"]
[Date "2008.07.08"]
[Round "6"]
[White "Outerelo Ucha,M"]
[Black "Villar Perez,S"]
[Result "1/2-1/2"]
[WhiteElo "2218"]
[BlackElo "1937"]

1.e4 c5 2.Nf3 Nc6 3.Nc3 Nf6 4.e5 Ng4 5.Qe2 d6 6.exd6 Qxd6 7.h3 Nf6 8.g3 e5
9.Bg2 Bf5 10.d3 O-O-O 11.O-O h5 12.Ne4 Nxe4 13.dxe4 Be6 14.c3 f6 15.Be3 Qc7
16.b3 Kb8 17.Rfd1 Bd6 18.Nh4 Ne7 19.Rd2 g5 20.Nf3 Ng6 21.Rad1 Rhg8 22.Ne1 Nf4
23.gxf4 gxf4 24.Rxd6 Rxd6 25.Rxd6 Qxd6 26.Bc1 Bxh3 27.Kh2 Bg4 28.f3 Bd7 29.Ba3 Qe7
30.Qf2 b6 31.b4 c4  1/2-1/2

[Event "XVII Burgas Open"]
[Site "Ourense ESP"]
[Date "2008.07.08"]
[Round "6"]
[White "Lopez Grana,C"]
[Black "Figueiredo,B"]
[Result "1/2-1/2"]
[WhiteElo "1764"]
[BlackElo "1933"]

1.e4 c5 2.Nc3 Nc6 3.Nge2 g6 4.d4 cxd4 5.Nxd4 Bg7 6.Nb3 Nf6 7.g4 O-O 8.g5 Ne8
9.h4 Bxc3+ 10.bxc3 Ng7 11.Be2 d6 12.Nd4 Qa5 13.Bd2 Qe5 14.Nxc6 bxc6 15.Bd3 Ne6
16.Qe2 Nf4 17.Qf3 Nxd3+ 18.cxd3 f5 19.h5 fxe4 20.Qxe4 Bf5 21.Qxe5 dxe5 22.Ke2 gxh5
23.f3 Bg6 24.Rab1 Rfd8 25.Rb7 Kf8 26.Rc7 Bxd3+ 27.Ke3 Bg6 28.Rxc6 Rab8 29.Bc1 Rd7
30.Rh2 Rb1 31.Ba3 Re1+ 32.Re2 Red1 33.Kf2 R1d2 34.Re6 Rxe2+ 35.Kxe2 Bd3+
36.Ke3 Bc4 37.Rxe5 Bxa2 38.Bb4 Kf7 39.f4 e6 40.Ra5 Bc4 41.Rc5 Bf1 42.Re5 a6
43.f5 Bc4 44.f6 Kg6 45.Rc5 Bd5 46.c4 Bb7 47.Be1 Bg2 48.Bh4 Bb7 49.Re5 Kf7
50.Rc5 Bg2 51.Bg3 Bf1 52.Kf2 Bd3 53.Ke3 Bf1 54.Kf2 Bd3 55.Rc6 a5 56.Ke3 a4
57.Ra6 Bxc4 58.Rxa4 Bd5 59.Kf4 Rb7 60.Ke5 Rd7 61.Rb4 Bc6 62.Rc4 Bb7 63.Bh4 Bd5
64.Rc8 Bb3 65.Rh8 Bc2 66.Rc8 Bb1 67.Rb8 Bf5 68.Rb5 Bd3 69.Rc5 Be2 70.Rc6 Bg4
71.Rc8 Bf5 72.Rc5 Bg6 73.Bg3 Bf5 74.Bh4 Bg4 75.Rb5 Bf3 76.Rc5 Rd5+ 77.Rxd5 exd5
78.Kf4 Be4 79.Ke5 Bg2 80.Bg3 Be4 81.Bh4  1/2-1/2

[Event "1st IRT 54th Aniv Martelli"]
[Site "Villa Martelli ARG"]
[Date "2008.07.09"]
[Round "2"]
[White "Espinoza Palomino,W"]
[Black "Aguinaga,M"]
[Result "1-0"]
[WhiteElo "2130"]
[BlackElo "1969"]

1.e4 c5 2.Nf3 Nc6 3.Nc3 g6 4.d4 cxd4 5.Nxd4 Bg7 6.Be3 a6 7.Qd2 d6 8.O-O-O Bd7
9.Bc4 Nf6 10.f3 b5 11.Bb3 Na5 12.Nd5 Nxb3+ 13.Nxb3 Nxd5 14.exd5 Rc8 15.Bd4 O-O
16.Bxg7 Kxg7 17.h4 h6 18.h5 g5 19.f4 f6 20.Rhe1 Qe8 21.Qe3 Rf7 22.Rf1 Kf8
23.Nd4 Rc5 24.fxg5 fxg5 25.Ne6+ Bxe6 26.Qxe6 Rxf1 27.Qxh6+ Kg8 28.Qxg5+ Kh7
29.Rxf1 Qg8 30.Qxe7+  1-0